Estatísticas para Países por Imagem #5

Clique aqui para jogar o quiz

Estatísticas Gerais

  • Esse quiz foi jogado 145 vezes
  • A pontuação média é 8 de 15

Estatísticas das Respostas

Resposta% Correto
Índia
98%
Grécia
92%
Brasil
89%
Estados Unidos
88%
Japão
87%
Emirados Árabes Unidos
66%
Tailândia
53%
França
50%
Noruega
50%
Indonésia
43%
Armênia / Turquia
32%
Egito
26%
Chéquia
21%
Cazaquistão
19%
Iémen
19%

Distribuição das Pontuações

Percentil de Números Respondidos

Porcentagem de Pessoas com Cada Pontuação

Sua Pontuação Histórica

Você não jogou esse quiz